000
00302nam a22001337a 4500
008
171201b xxu||||| |||| 00| 0 eng d
020
_a
9780813344362
041
_a
eng
080
_a
32
100
_a
20
101
_a
POL
245
_a
RELIGION AND POLITICS IN AMERICA
_c
FOWLER,R.B
942
_2
udc
_c
BK
999
_c
38693
_d
38693